MARC детайли
| 000 -Лидер |
| Контролно поле с фиксирана дължина |
02751nam a2200409 c 4500 |
| 003 - Код на организацията, давaща контролен номер |
| Контролно поле |
BLK |
| 005 - Дата и час на последна редакция |
| Контролно поле |
20180604093605.0 |
| 008 - Елементи от данни с фиксирана дължина |
| fixed length control field |
180408b bul|||||r ||||||| ||bul|| |
| 010 ## - Наследен системен номер |
| LC control number |
KNG00059622000 |
| 020 ## - Международен стандартен номер на книга ISBN |
| Международен стандартен номер на книга ISBN |
954-9453-05-7 |
| -- |
издат.: Юнион-21 - на том(ч. 5, т. 2) |
| 040 ## - Източник на каталожния запис |
| Идентификатор на билиотеката - собственик на записа |
BLK |
| 041 ## - Код за език |
| Код за езика на текст/звукозапис или на отделно заглавие |
Български |
| Код за езика КДБФ |
Български |
| 080 ## - УДК |
| Текстов определител УДК |
Движения в полза на определени раси и националности (ционизъм, негърският въпрос в САЩ и др.) |
| УДК код - определител по УДК |
323.13 |
| УДК определител |
(=924)(091) |
| УДК - код + определител |
323.13(=924)(091) |
| 080 ## - УДК |
| Текстов определител УДК |
Движения срещу определени раси и националности |
| УДК код - определител по УДК |
323.12 |
| УДК определител |
(=924) |
| УДК - код + определител |
323.12(=924) |
| 080 ## - УДК |
| Текстов определител УДК |
Еврейска религия. Юдаизъм-Тора, пророци, Писания(Танах(Тенак)или Библия). Талмуд, Мидраш, Зоар(Устния закон). Секти(самаряни, фарисеи, садукеи, есейски и кумрански общини, прозелити. Халак |
| УДК код - определител по УДК |
26 |
| УДК определител |
|
| УДК - код + определител |
26 |
| 080 ## - УДК |
| Текстов определител УДК |
История на Втората световна война (1939-1945) |
| УДК код - определител по УДК |
940.53 |
| УДК определител |
(=924) |
| УДК - код + определител |
940.53(=924) |
| 100 1# - Редна дума - Автор |
| Автор |
Ифандиев, Георги Менелаев |
| Авторска отговорност |
първи автор |
| R(LIN) |
73236 |
| 139 ## - Редно поле |
| Редна дума |
Ифандиев, Георги Менелаев |
| Авторски знак |
Ит - И 96 |
| 245 10 - Сведения за заглавието |
| Заглавие |
Сянката на Цион |
| Подзаглавни данни |
Ч. 1 - |
| Редно поле (дума) |
Георги Менелаев Ифандиев. |
| Том |
Ч. 5. Т. 2 |
| 257 ## - Страна на издаване |
| Страна на създаване/издаване |
България |
| 260 ## - Област на издателските данни |
| -- |
София |
| Име на издателя, разпространителя и проч. |
Жарава |
| Година на издаване |
2003 - |
| 300 ## - Физическа характеристика |
| Размери/Мащаб |
20 см |
| 380 ## - Жанр |
| Жанр |
Обществени науки |
| 650 #4 - Допълнително описание по предмет – тема |
| Основно описание – тема или топоним |
Ционизъм |
| 9 (RLIN) |
177316 |
| 650 #4 - Допълнително описание по предмет – тема |
| Основно описание – тема или топоним |
Еврейски въпрос |
| 9 (RLIN) |
265152 |
| 650 #4 - Допълнително описание по предмет – тема |
| Основно описание – тема или топоним |
Юдаизъм |
| 9 (RLIN) |
177984 |
| 650 #4 - Допълнително описание по предмет – тема |
| Основно описание – тема или топоним |
Втора световна война - жестокости |
| 9 (RLIN) |
265154 |
| 653 ## - Ключова дума – ненормативна |
| Ключова дума |
ционизъм |
| 653 ## - Ключова дума – ненормативна |
| Ключова дума |
еврейски въпрос |
| 653 ## - Ключова дума – ненормативна |
| Ключова дума |
юдаизъм |
| 760 1# - Описание на основната серия |
| -- |
- на том(ч. 5, т. 2) |
| Редна дума на основното описание |
Ифандиев, Георги Менелаев |
| Място на издаване, издател и година |
София, Юнион-21, 2006 |
| Страници - том |
464 с. |
| Забележка - том |
Съдържаи Списък на популярни автори с еврейски произход ; Откъс от книгата на Дейвид Дюк Моето пробуждаве: един път към расовото разбирателство ; Списък на евреите, които заемат висши ръководни постове в американските медии и в Холивуд ; Списък на източници,от които става видно еврейското господство в медиите и Холивуд |
| Заглавие |
Ч. 5. Т. 2 |
| 852 ## - Местоположение |
| Форматна сигнатура |
Цб 213602 |
| 856 4# - Електронен адрес и достъп |
| Електронен формат |
pdf - файл |
| Път до файла /url/ |
|
| 856 4# - Електронен адрес и достъп |
| Електронен формат |
pdf - файл |
| Път до файла /url/ |
|
| 942 ## - АРТИКУЛИ |
| Вид на библиотечния материал |
Книги |
| Скрит в OPAC |
Не |
| Koha issues (borrowed), all copies |
2 |
| 944 ## - СЪЗДАВАНЕ И РЕДАКЦИЯ на ЗАПИСА |
| Създаване/Редакция |
Създаване |
| Дата на регистрацията/редакция |
29.05.2006 |
| Служител, извършил регистрацията/редакцията |
Геновева_Генчева |
| 944 ## - СЪЗДАВАНЕ И РЕДАКЦИЯ на ЗАПИСА |
| Създаване/Редакция |
Редакция |
| Дата на регистрацията/редакция |
07.05.2007 |
| Служител, извършил регистрацията/редакцията |
|
| 999 ## - СИСТЕМНИ КОНТРОЛНИ НОМЕРА |
| Koha biblionumber |
55651 |
| Koha biblioitemnumber |
55651 |